000 00710cam a22002413a 4500
001 30984
003 PGUSA
005 20140828083653.0
008 100116s2010||||xxu|||||s|||||000 | eng d
040 _aPGUSA
_beng
042 _adc
050 4 _aDG
100 1 _aColajanni, Napoleone,
_d1847-1921
245 1 0 _aGli avvenimenti di Sicilia e le loro cause
_h[electronic resource] /
_cNapoleone Colajanni
260 _bProject Gutenberg,
_c2010
506 _aPublic domain in the USA.
516 _aElectronic text
653 _aSicily (Italy) -- History
653 _aSocialism -- Italy -- Sicily
830 0 _aProject Gutenberg
_v30984
856 4 0 _uhttp://www.gutenberg.org/ebooks/30984
942 _cEB
999 _c260239
_d260239